000
00270nam a22001217a 4500
008
181008b xxu||||| |||| 00| 0 eng d
041
_a
eng
080
_2
6th
_a
61
100
_a
6
101
_a
ANE
245
_a
Introduction to Anesthesia
_c
Dripps,R.D
942
_2
udc
_c
BK
999
_c
48999
_d
48999